Prediction of Velocity & Mass Fraction Profiles of Solid (Catalyst), Liquid & Gas in Fluid Catalytic Cracking (FCC) Riser with CD (MS-CHE-2010 (Record no. 561104)
[ view plain ]
| 000 -LEADER | |
|---|---|
| fixed length control field | 00434nam a2200133Ia 4500 |
| 005 - DATE AND TIME OF LATEST TRANSACTION | |
| control field | 20210429153913.0 |
| 008 - FIXED-LENGTH DATA ELEMENTS--GENERAL INFORMATION | |
| fixed length control field | 210429s9999 xx 000 0 und d |
| 082 ## - DEWEY DECIMAL CLASSIFICATION NUMBER | |
| Classification number | 660 A287P |
| 100 ## - MAIN ENTRY--PERSONAL NAME | |
| Personal name | Ahsan, Muhammad |
| 9 (RLIN) | 18993 |
| 245 ## - TITLE STATEMENT | |
| Title | Prediction of Velocity & Mass Fraction Profiles of Solid (Catalyst), Liquid & Gas in Fluid Catalytic Cracking (FCC) Riser with CD (MS-CHE-2010 |
| 260 ## - PUBLICATION, DISTRIBUTION, ETC. | |
| Date of publication, distribution, etc. | 2010 |
| 300 ## - PHYSICAL DESCRIPTION | |
| Extent | 56p.29cm. |
| 942 ## - ADDED ENTRY ELEMENTS (KOHA) | |
| Source of classification or shelving scheme | |
| Koha item type | |
| Withdrawn status | Lost status | Damaged status | Not for loan | Permanent Location | Current Location | Date acquired | Total Checkouts | Full call number | Barcode | Date last seen | Price effective from | Koha item type |
|---|---|---|---|---|---|---|---|---|---|---|---|---|
| School of Chemical & Materials Engineering (SCME) | School of Chemical & Materials Engineering (SCME) | 11/16/2011 | 660 A287P | SCME- TH-143 | 04/29/2021 | 04/29/2021 |
